United States Supreme Court Reports 159 (Record no. 619700)

MARC details
000 -LEADER
fixed length control field 00474nam a22001817a 4500
008 - FIXED-LENGTH DATA ELEMENTS--GENERAL INFORMATION
fixed length control field 260424b |||||||| |||| 00| 0 eng d
020 ## - INTERNATIONAL STANDARD BOOK NUMBER
Paper back/Hardbound hbk
082 ## - DEWEY DECIMAL CLASSIFICATION NUMBER
Classification number 348.7348 UNI.159
245 ## - TITLE STATEMENT
Title United States Supreme Court Reports 159
250 ## - EDITION STATEMENT
Edition statement Lawyers
260 ## - PUBLICATION, DISTRIBUTION, ETC. (IMPRINT)
Place of publication Colorado Springs;
Name of publisher Lexisnexis,
Year of publication 2003.
300 ## - PHYSICAL DESCRIPTION
Number of Pages xxxv,1007p.
Dimensions ;24cm.
490 ## - SERIES STATEMENT
Volume number/sequential designation Vols.541 US(part) and 542 US
500 ## - GENERAL NOTE
General note Index
650 ## - SUBJECT ADDED ENTRY--TOPICAL TERM
Topical Term Law
942 ## - ADDED ENTRY ELEMENTS (KOHA)
Koha item type English Books

No items available.

Find us on the map